Los orígenes del individualismo europeo
Guardat en:
| Autor principal: | |
|---|---|
| Format: | Llibre |
| Idioma: | espanyol |
| Publicat: |
Barcelona
Crítica
1997
|
| Col·lecció: | La Construcción de Europa
|
| Matèries: | |
| Etiquetes: |
Afegir etiqueta
Sense etiquetes, Sigues el primer a etiquetar aquest registre!
|
MARC
| LEADER | 00000nam a2200000 a 4500 | ||
|---|---|---|---|
| 001 | UCL0543 | ||
| 003 | CL-VaPUC | ||
| 008 | 030728e19970000SP |||||||||||||||||spa|d | ||
| 020 | |a 8474237971 | ||
| 082 | 0 | 4 | |a 940 |b GUR |2 21 |
| 100 | 0 | |a Gurevich, Aaron |e author |9 477192 | |
| 245 | 1 | 4 | |a Los orígenes del individualismo europeo |
| 300 | |a 234 p | ||
| 942 | |c BK | ||
| 945 | |d 20030728 00:00:00 |a cmena | ||
| 260 | |a Barcelona |b Crítica |c 1997 | ||
| 650 | 0 | |a Historia de Europa |9 392003 | |
| 650 | 0 | |a Individualismo |9 313336 | |
| 650 | 0 | |a Antropología cultural y social |9 265143 | |
| 651 | 0 | |a Europa |9 255156 | |
| 583 | |a last modification |c 20030728 00:00:00 |k Rodrigo Vera | ||
| 490 | 0 | |a La Construcción de Europa | |
| 999 | |c 304361 |d 304359 | ||
| 952 | |0 0 |1 0 |4 0 |6 940_000000000000000_GUR_1997 |7 0 |8 A |9 366389 |a BIBHIS |b BIBHIS |d 2019-11-21 |i 3907112 |o 940 GUR 1997 |p 3907112 |r 2025-01-20 |w 2019-11-21 |y BK |k HIS | ||